Logo CIB grande

LOGISTICA INVERSA Y AMBIENTAL: RETOS Y OPORTUNIDADES EN LAS ORGANIZACIONES MODERNAS (Registro nro. 234816)

Detalles MARC
000 -LEADER
campo de control de longitud fija 00663nam a2200241Ia 4500
005 - FECHA Y HORA DE LA ÚLTIMA TRANSACCIÓN
campo de control 20250425162715.0
008 - DATOS DE LONGITUD FIJA--INFORMACIÓN GENERAL
campo de control de longitud fija 250425s9999 xx 000 0 und d
020 ## - NÚMERO INTERNACIONAL ESTÁNDAR DEL LIBRO
Número Internacional Estándar del Libro 9789587710236
041 ## - CÓDIGO DE IDIOMA
Código de lengua del texto/banda sonora o título independiente spa
082 ## - NÚMERO DE LA CLASIFICACIÓN DECIMAL DEWEY
Número de clasificación 658.4012
010 ## - NÚMERO DE CONTROL DE LA BIBLIOTECA DEL CONGRESO
Número de control de LC 100565
100 ## - ENTRADA PRINCIPAL--NOMBRE DE PERSONA
Nombre de persona MORA GARCIA, LUIS ANIBAL
245 #0 - MENCIÓN DEL TÍTULO
Título LOGISTICA INVERSA Y AMBIENTAL: RETOS Y OPORTUNIDADES EN LAS ORGANIZACIONES MODERNAS
250 ## - MENCION DE EDICION
Mención de edición 1 A ED.
260 ## - PUBLICACIÓN, DISTRIBUCIÓN, ETC.
Lugar de publicación, distribución, etc. BOGOTA
260 ## - PUBLICACIÓN, DISTRIBUCIÓN, ETC.
Lugar de publicación, distribución, etc. Colombia
Nombre del editor, distribuidor, etc. ECOE EDICIONES
Fecha de publicación, distribución, etc. 2013
300 ## - DESCRIPCIÓN FÍSICA
Extensión 108
650 ## - PUNTO DE ACCESO ADICIONAL DE MATERIA--TÉRMINO DE MATERIA
Término de materia o nombre geográfico como elemento de entrada ESTRATEGIAS DE INVERSION
650 ## - PUNTO DE ACCESO ADICIONAL DE MATERIA--TÉRMINO DE MATERIA
Término de materia o nombre geográfico como elemento de entrada LOGISTICA DE NEGOCIOS
650 ## - PUNTO DE ACCESO ADICIONAL DE MATERIA--TÉRMINO DE MATERIA
Término de materia o nombre geográfico como elemento de entrada LOGISTICA INVERSA
700 ## - ENTRADA AGREGADA--NOMBRE PERSONAL
Nombre de persona MARTIN PEÑA, MARA LUZ
942 ## - ELEMENTOS DE ENTRADA SECUNDARIOS (KOHA)
Tipo de ítem Koha Libros
Existencias
Estatus retirado Estado de pérdida Estado de daño No para préstamo Biblioteca de origen Biblioteca actual Fecha de adquisición Coste, precio normal de compra Total de préstamos Código de barras Copia número Nota pública
        FACULTAD DE INGENIERIA MECANICA Y CIENCIAS DE LA PRODUCCION FACULTAD DE INGENIERIA MECANICA Y CIENCIAS DE LA PRODUCCION 20/10/2016 29.00   50702 1 ESPOL -TECHE.P

Copyright 2025 ESPOL. Todos los derechos reservados.